[Event "Titled Tuesday intern op 16th Jul Late"]
[Site "Chess.com INT"]
[Date "2024.07.16"]
[Round "7"]
[White "Hamblok, Roel"]
[Black "Bareev, Evgeny"]
[Result "1-0"]
[WhiteElo "2235"]
[BlackElo "2611"]
[PlyCount "65"]
[EventDate "2024.07.16"]
[EventType "swiss (blitz)"]
[EventRounds "11"]
[EventCountry "USA"]
[SourceTitle "EXT 2025"]
[Source "ChessBase"]
[SourceDate "2024.10.14"]
[SourceVersion "1"]
[SourceVersionDate "2024.10.14"]
[SourceQuality "1"]

1. e4 e6 2. d4 d5 3. Nc3 dxe4 4. Nxe4 Nd7 5. g4 c5 6. Be3 Ngf6 7. Nxf6+ gxf6 8. Ne2 h5 9. gxh5 cxd4 10. Nxd4 Qa5+ 11. c3 a6 12. Be2 Ne5 13. Qb3 Qc7 14. 0-0-0 Bd7 15. f4 Nc6 16. Bf3 Na5 17. Qc2 Nc4 18. Qe2 0-0-0 19. Kb1 Nxe3 20. Qxe3 Bh6 21. Ne2 Bb5 22. c4 Bxc4 23. Rc1 Kb8 24. b3 Bd3+ 25. Kb2 Qa5 26. Nd4 Rxd4 27. Qxd4 Rd8 28. Qe3 Qb4 29. a3 Qd6 30. Rcd1 Bxf4 31. Qf2 Be5+ 32. Ka2 Qc7 33. Rc1 1-0

[Event "Titled Tuesday intern op 18th Jun Late"]
[Site "Chess.com INT"]
[Date "2024.06.18"]
[Round "11"]
[White "Bareev, Evgeny"]
[Black "Gabdushev, Ruslan"]
[Result "0-1"]
[WhiteElo "2611"]
[BlackElo "2256"]
[PlyCount "72"]
[EventDate "2024.06.18"]
[EventType "swiss (blitz)"]
[EventRounds "11"]
[EventCountry "USA"]
[SourceTitle "EXT 2025"]
[Source "ChessBase"]
[SourceDate "2024.10.14"]
[SourceVersion "1"]
[SourceVersionDate "2024.10.14"]
[SourceQuality "1"]

1. d4 Nf6 2. c4 e5 3. dxe5 Ng4 4. Bf4 Nc6 5. Nf3 Bb4+ 6. Nbd2 Qe7 7. a3 Ngxe5 8. Nxe5 Nxe5 9. e3 Bxd2+ 10. Qxd2 d6 11. Be2 0-0 12. 0-0 a5 13. b3 b6 14. Rac1 Bb7 15. Bg3 Rfd8 16. f3 f5 17. Qc3 Ng6 18. Rfe1 Re8 19. Bd3 Qg5 20. Bc2 Re7 21. Qd3 Rf8 22. Kh1 h5 23. Bf2 Ne5 24. Qd1 h4 25. h3 Ng4 26. hxg4 fxg4 27. e4 h3 28. f4 Qxf4 29. Re2 hxg2+ 30. Kxg2 Qf3+ 31. Kg1 g3 32. Bd4 c5 33. Bb2 Re6 34. Qd2 Rh6 35. Rg2 Qg4 36. Qc3 Qf3 0-1

[Event "Titled Tuesday intern op 18th Jun Late"]
[Site "Chess.com INT"]
[Date "2024.06.18"]
[Round "9"]
[White "Bareev, Evgeny"]
[Black "Micic, Aleksa"]
[Result "0-1"]
[WhiteElo "2611"]
[BlackElo "2223"]
[PlyCount "54"]
[EventDate "2024.06.18"]
[EventType "swiss (blitz)"]
[EventRounds "11"]
[EventCountry "USA"]
[SourceTitle "EXT 2025"]
[Source "ChessBase"]
[SourceDate "2024.10.14"]
[SourceVersion "1"]
[SourceVersionDate "2024.10.14"]
[SourceQuality "1"]

1. d4 Nf6 2. c4 g6 3. Nc3 d5 4. cxd5 Nxd5 5. e4 Nxc3 6. bxc3 Bg7 7. Bc4 c5 8. Ne2 Nc6 9. Be3 0-0 10. h4 cxd4 11. cxd4 Qa5+ 12. Kf1 Bd7 13. h5 Rac8 14. Rc1 Nb4 15. Bb3 Rxc1 16. Qxc1 Rc8 17. Qb1 Bb5 18. h6 Bd3 19. Qe1 Bh8 20. e5 Qb5 21. a4 Qb6 22. d5 Bxe2+ 23. Qxe2 Qa5 24. Bd2 Qc5 25. Qe4 Nc2 26. Rh3 Qd4 27. Bxc2 Qxd2 0-1

[Event "Canadian op"]
[Site "Calgary"]
[Date "2023.07.30"]
[Round "10"]
[White "Han, Johnathan"]
[Black "Bareev, Evgeny"]
[Result "1/2-1/2"]
[WhiteElo "2229"]
[BlackElo "2631"]
[PlyCount "94"]
[EventDate "2023.07.22"]
[EventType "swiss"]
[EventRounds "10"]
[EventCountry "CAN"]
[SourceTitle "CBM 215 Extra"]
[Source "ChessBase"]
[SourceDate "2023.09.30"]
[SourceVersion "1"]
[SourceVersionDate "2023.09.30"]
[SourceQuality "1"]

1. e4 c6 2. d4 d5 3. Nd2 dxe4 4. Nxe4 Bf5 5. Ng3 Bg6 6. h4 h6 7. Nf3 Nd7 8. h5 Bh7 9. Bd3 Bxd3 10. Qxd3 e6 11. Bd2 Ngf6 12. 0-0-0 Be7 13. Kb1 0-0 14. Ne4 Nxe4 15. Qxe4 Nf6 16. Qe2 Qd5 17. Ne5 Qe4 18. Qxe4 Nxe4 19. Be1 f5 20. f3 Nf6 21. Bf2 Bd6 22. c4 Rfe8 23. Nd3 Rad8 24. b3 a6 25. Rde1 Kf7 26. Kc2 Rc8 27. a4 Nd7 28. g4 fxg4 29. fxg4 c5 30. Rhf1 cxd4 31. Bxd4+ Kg8 32. Bc3 e5 33. Nf2 Re6 34. Ne4 Be7 35. Rd1 Nf6 36. Nxf6+ Bxf6 37. Rd5 e4 38. Bxf6 gxf6 39. Kd2 Rb6 40. Kc3 e3 41. Re1 Re8 42. Re2 Re7 43. c5 Rbe6 44. Rd6 Re5 45. Rxf6 Rxc5+ 46. Kd4 Rg5 47. Rg6+ Rxg6 1/2-1/2

[Event "Canadian op"]
[Site "Calgary"]
[Date "2023.07.26"]
[Round "6"]
[White "Reprintsev, Alexander"]
[Black "Bareev, Evgeny"]
[Result "1/2-1/2"]
[WhiteElo "2225"]
[BlackElo "2631"]
[PlyCount "83"]
[EventDate "2023.07.22"]
[EventType "swiss"]
[EventRounds "10"]
[EventCountry "CAN"]
[SourceTitle "CBM 215 Extra"]
[Source "ChessBase"]
[SourceDate "2023.09.30"]
[SourceVersion "1"]
[SourceVersionDate "2023.09.30"]
[SourceQuality "1"]

1. e4 c5 2. Nf3 d6 3. c3 Nf6 4. Bd3 Nc6 5. 0-0 Bg4 6. h3 Bh5 7. Re1 e6 8. Bc2 Be7 9. d3 h6 10. Nbd2 Nd7 11. a3 0-0 12. Nf1 Nde5 13. g4 Nxf3+ 14. Qxf3 Bg6 15. Qg2 d5 16. f4 Bh7 17. Bd2 Qb6 18. exd5 exd5 19. f5 Qxb2 20. Ba4 b5 21. Rab1 Qxb1 22. Rxb1 bxa4 23. Qxd5 Rac8 24. Ne3 Rfd8 25. Qe4 Bg5 26. Nc4 Bxd2 27. Nxd2 f6 28. Qxa4 Kh8 29. Ne4 Ne5 30. Qxa7 Ra8 31. Qb6 Rxd3 32. Nxf6 Rad8 33. Nxh7 Kxh7 34. Qxc5 Nf3+ 35. Kf2 Ng5 36. Qc6 Rxc3 37. Qg6+ Kh8 38. h4 Ne4+ 39. Kg1 Rg3+ 40. Kf1 Rf3+ 41. Kg1 Rg3+ 42. Kf1 1/2-1/2

[Event "CAN Transnational Rapid"]
[Site "Toronto"]
[Date "2023.06.04"]
[Round "4"]
[White "Bareev, Evgeny"]
[Black "Matviishen, Viktor"]
[Result "0-1"]
[WhiteElo "2631"]
[BlackElo "2538"]
[PlyCount "116"]
[EventDate "2023.06.03"]
[EventType "swiss (rapid)"]
[EventRounds "11"]
[EventCountry "CAN"]
[SourceTitle "CBM 214 Extra"]
[Source "ChessBase"]
[SourceDate "2023.07.31"]
[SourceVersion "1"]
[SourceVersionDate "2023.07.31"]
[SourceQuality "1"]

1. d4 d5 2. c4 c6 3. Nf3 Nf6 4. Qc2 dxc4 5. Qxc4 Bf5 6. g3 e6 7. Bg2 Nbd7 8. 0-0 Be7 9. e3 0-0 10. Qe2 h6 11. Nc3 Ne4 12. Nd2 Nxd2 13. Bxd2 e5 14. d5 Nf6 15. e4 Bg4 16. f3 Bd7 17. dxc6 Bxc6 18. Be3 Qa5 19. a3 Bc5 20. b4 Bxe3+ 21. Qxe3 Qb6 22. Qxb6 axb6 23. Kf2 Rfd8 24. Ke3 Rd4 25. Rfc1 Ne8 26. Bf1 Nd6 27. Ne2 Rc4 28. Nc3 Rd4 29. Ne2 Rc4 30. Rd1 Nb5 31. a4 Nc7 32. b5 Be8 33. Rdc1 Rxc1 34. Rxc1 Ne6 35. Nc3 Rc8 36. Bh3 Bd7 37. Kd2 Rc4 38. Bf1 Rd4+ 39. Ke3 Nc5 40. Nd5 Nxa4 41. Rc7 Be6 42. Rxb7 Bxd5 43. exd5 Nc3 44. d6 Nd1+ 45. Ke2 Rxd6 46. Rc7 Kf8 47. Rc2 Ke7 48. Bh3 g6 49. Bc8 f5 50. h4 f4 51. gxf4 exf4 52. Rc4 g5 53. hxg5 hxg5 54. Bf5 Ne3 55. Rc7+ Kf6 56. Be4 Ke5 57. Rg7 g4 58. Rg5+ Kd4 0-1

[Event "Canadian Qual KO Online"]
[Site "ICC INT"]
[Date "2021.06.04"]
[Round "1.2"]
[White "Panjwani, Raja"]
[Black "Bareev, Evgeny"]
[Result "0-1"]
[WhiteElo "2448"]
[BlackElo "2638"]
[PlyCount "98"]
[EventDate "2021.06.04"]
[EventType "match (rapid)"]
[EventRounds "1"]
[EventCountry "CAN"]
[SourceTitle "CBM 202 Extra"]
[Source "ChessBase"]
[SourceDate "2021.07.31"]
[SourceVersion "1"]
[SourceVersionDate "2021.07.31"]
[SourceQuality "1"]

1. d4 d5 2. Nf3 e6 3. Bf4 Bd6 4. Bg3 c5 5. e3 Nc6 6. c3 Nge7 7. Nbd2 cxd4 8. exd4 Nf5 9. Bd3 0-0 10. Bxd6 Qxd6 11. 0-0 Bd7 12. a4 f6 13. Re1 Rae8 14. Qb3 g6 15. Bb5 Kg7 16. Qa3 a6 17. Bxc6 Bxc6 18. Qxd6 Nxd6 19. Nb3 Re7 20. a5 Rfe8 21. Nc5 e5 22. dxe5 fxe5 23. b3 Kf6 24. Nd2 d4 25. cxd4 exd4 26. Rxe7 Rxe7 27. Nf3 Nf5 28. Re1 Rxe1+ 29. Nxe1 Ke5 30. f3 Kd5 31. Ncd3 Bb5 32. Kf2 Ne7 33. Nf4+ Kd6 34. h4 Nc6 35. Nc2 Ke5 36. Nh3 d3 37. f4+ Ke4 38. Ng5+ Kxf4 39. Ne3 Nxa5 40. Nxh7 Nxb3 41. Nf8 Be8 42. Nc4 d2 43. g3+ Ke4 44. Ne3 a5 45. Nh7 a4 46. Nf6+ Kd3 47. Nfd5 a3 48. Nb4+ Kc3 49. Nbc2 d1Q 0-1

[Event "Canadian Qual Online"]
[Site "ICC INT"]
[Date "2021.06.02"]
[Round "7"]
[White "Plotkin, Mark"]
[Black "Bareev, Evgeny"]
[Result "1/2-1/2"]
[WhiteElo "2430"]
[BlackElo "2638"]
[PlyCount "97"]
[EventDate "2021.05.31"]
[EventType "tourn (rapid)"]
[EventRounds "11"]
[EventCountry "CAN"]
[EventCategory "4"]
[SourceTitle "CBM 202 Extra"]
[Source "ChessBase"]
[SourceDate "2021.07.31"]
[SourceVersion "1"]
[SourceVersionDate "2021.07.31"]
[SourceQuality "1"]

1. c4 c6 2. d4 d5 3. Nc3 Nf6 4. Nf3 e6 5. Bg5 Nbd7 6. e3 Qa5 7. Nd2 dxc4 8. Bxf6 Nxf6 9. Nxc4 Qc7 10. Rc1 Be7 11. g3 0-0 12. Bg2 Rd8 13. 0-0 Bd7 14. Qe2 Rac8 15. Rfd1 Be8 16. Ne5 c5 17. Qf3 b5 18. g4 b4 19. Ne2 Qb8 20. g5 Nd5 21. h4 cxd4 22. exd4 Bd6 23. Nc4 Bb5 24. Nxd6 Qxd6 25. Ng3 Qf4 26. Qxf4 Nxf4 27. Bf1 Bxf1 28. Kxf1 Kf8 29. Rxc8 Rxc8 30. Ne2 Ng6 31. h5 Nh4 32. d5 e5 33. d6 Rd8 34. Rd5 f6 35. Ng3 Kf7 36. gxf6 gxf6 37. Ke2 Ke6 38. Ra5 Rxd6 39. Rxa7 h6 40. a4 bxa3 41. bxa3 Ng2 42. Rh7 Nf4+ 43. Ke1 Ra6 44. Rxh6 Rxa3 45. Ne4 Kf5 46. Ng3+ Ke6 47. Ne4 Kf5 48. Ng3+ Ke6 49. Ne4 1/2-1/2

[Event "Canadian Qual Online"]
[Site "ICC INT"]
[Date "2021.05.31"]
[Round "1"]
[White "Bellissimo, Joseph F"]
[Black "Bareev, Evgeny"]
[Result "0-1"]
[WhiteElo "2203"]
[BlackElo "2638"]
[PlyCount "100"]
[EventDate "2021.05.31"]
[EventType "tourn (rapid)"]
[EventRounds "11"]
[EventCountry "CAN"]
[EventCategory "4"]
[SourceTitle "CBM 202 Extra"]
[Source "ChessBase"]
[SourceDate "2021.07.31"]
[SourceVersion "1"]
[SourceVersionDate "2021.07.31"]
[SourceQuality "1"]

1. e4 e6 2. d4 d5 3. e5 c5 4. c3 Nc6 5. Nf3 Bd7 6. Be2 Rc8 7. 0-0 a6 8. Kh1 h6 9. Na3 cxd4 10. cxd4 Bxa3 11. bxa3 Nge7 12. Rb1 Na5 13. Bd2 b5 14. a4 Nc4 15. axb5 Bxb5 16. Bb4 0-0 17. Nd2 Re8 18. a4 Bc6 19. Bc5 Qd7 20. Nxc4 dxc4 21. Bxc4 Bxa4 22. Qe2 a5 23. Ra1 Nf5 24. f3 Bc6 25. Rfd1 a4 26. Qd3 Ra8 27. Rdb1 Reb8 28. Kg1 Qd8 29. Qc3 Qg5 30. Bf1 Rxb1 31. Rxb1 Bd5 32. g3 h5 33. Bg2 Qe3+ 34. Qxe3 Nxe3 35. Ra1 Rb8 36. h4 Rb2 37. Bf1 Bxf3 38. Rxa4 Rb1 39. Kf2 Bc6 40. Ra6 Ng4+ 41. Kg1 Bb5 42. Ra8+ Kh7 43. Kg2 Bc6+ 44. d5 Bxd5+ 45. Kh3 Rxf1 46. Ra1 Rxa1 47. Bg1 Nxe5 48. g4 Rxg1 49. g5 Rh1+ 50. Kg3 Ng6 0-1

[Event "PRO League Stage"]
[Site "Chess.com INT"]
[Date "2020.01.29"]
[Round "4"]
[White "Haria, Ravi"]
[Black "Bareev, Evgeny"]
[Result "1/2-1/2"]
[WhiteElo "2450"]
[BlackElo "2638"]
[PlyCount "76"]
[EventDate "2020.01.06"]
[EventType "team-swiss (rapid)"]
[EventRounds "7"]
[EventCountry "USA"]
[SourceTitle "CBM 194 Extra"]
[Source "ChessBase"]
[SourceDate "2020.03.31"]
[SourceVersion "1"]
[SourceVersionDate "2020.03.31"]
[SourceQuality "1"]
[WhiteTeam "UK Lions"]
[BlackTeam "Canada ChessBrahs"]
[WhiteTeamCountry "ENG"]
[BlackTeamCountry "CAN"]

1. e4 e5 2. Nf3 Nf6 3. Nc3 Nc6 4. d4 exd4 5. Nxd4 Bb4 6. Nxc6 bxc6 7. Bd3 d5 8. exd5 cxd5 9. 0-0 0-0 10. h3 h6 11. Qf3 c6 12. a3 Bd6 13. Bf4 Bxf4 14. Qxf4 Be6 15. Na4 Nd7 16. b4 a5 17. Qd6 axb4 18. axb4 Qf6 19. f4 Nb6 20. Qxc6 Qd4+ 21. Kh2 Rxa4 22. Rxa4 Bd7 23. b5 Qxd3 24. cxd3 Bxc6 25. Ra6 Bxb5 26. Rxb6 Bxd3 27. Ra1 h5 28. Kg3 g6 29. Ra3 Be4 30. Rd6 Kg7 31. Ra7 Kg8 32. Rdd7 Kg7 33. Kf2 Kf6 34. g4 hxg4 35. hxg4 Kg7 36. g5 Bh1 37. Ke3 Be4 38. Kd4 Bf3 1/2-1/2